Materials science / (Record no. 123680)

MARC details
000 -LEADER
fixed length control field 00801nam a22002657a 4500
003 - CONTROL NUMBER IDENTIFIER
control field 0
005 - DATE AND TIME OF LATEST TRANSACTION
control field 20180725131213.0
008 - FIXED-LENGTH DATA ELEMENTS--GENERAL INFORMATION
fixed length control field 0
010 ## - LIBRARY OF CONGRESS CONTROL NUMBER
LC control number B-146993
020 ## - INTERNATIONAL STANDARD BOOK NUMBER
Terms of availability 00.00
International Standard Book Number 9780070534698
035 ## - SYSTEM CONTROL NUMBER
System control number B-146993 , B-147000
037 ## - SOURCE OF ACQUISITION
Source of stock number/acquisition Cen Lib/Ret
040 ## - CATALOGING SOURCE
Original cataloging agency DPL
Language of cataloging EN
Transcribing agency 0
082 ## - DEWEY DECIMAL CLASSIFICATION NUMBER
Classification number 620.1
Item number VIJ
100 ## - MAIN ENTRY--PERSONAL NAME
Personal name Vijaya, M.S.
9 (RLIN) 7669
245 ## - TITLE STATEMENT
Title Materials science /
Statement of responsibility, etc by M.S.Vijaya [and] G.Rangarajan
260 ## - PUBLICATION, DISTRIBUTION, ETC. (IMPRINT)
Place of publication, distribution, etc New Delhi
Name of publisher, distributor, etc Tata McGraw-Hill Publishing Company
Date of publication, distribution, etc 2005
270 ## - ADDRESS
City New Delhi
Address 7, west patel nagar
Postal code 110008
300 ## - PHYSICAL DESCRIPTION
Extent xviii, 590p.
Dimensions 22cm(pbk)
500 ## - GENERAL NOTE
General note Includes bibliographical references and index
650 ## - SUBJECT ADDED ENTRY--TOPICAL TERM
Topical term or geographic name as entry element Applied science
9 (RLIN) 7670
650 ## - SUBJECT ADDED ENTRY--TOPICAL TERM
Topical term or geographic name as entry element Engineering
9 (RLIN) 7671
700 ## - ADDED ENTRY--PERSONAL NAME
Personal name Rangarajan, G.
9 (RLIN) 63305
942 ## - ADDED ENTRY ELEMENTS (KOHA)
Source of classification or shelving scheme Dewey Decimal Classification
Koha item type English Books
Classification part 620.1
Call number suffix VIJ
Holdings
Withdrawn status Lost status Damaged status Not for loan Home library Current library Date acquired Source of acquisition Cost, normal purchase price Total Checkouts Full call number Barcode Date last seen Copy number Cost, replacement price Price effective from Koha item type Source of classification or shelving scheme Collection code
        Central Library Central Library 11/06/2015 Cen Lib/Ret 0.00   620.1 VIJ B-146993 11/06/2015 1 0.00 11/06/2015 English Books    
        Tri Nagar Tri Nagar 25/07/2018 BPPD/pub 0.00   620.1 VIJ B-147000 25/07/2018   0.00 25/07/2018 English Books Dewey Decimal Classification Non-fiction

© Delhi Public Library
Hit Counter
free hit counter